|
|
|
|
| LEADER |
00000nab a2200000uu 4500 |
| 001 |
vtls011537846 |
| 003 |
SK-MaSNL |
| 005 |
20260304195853.0 |
| 008 |
230222|1957 xo |||||||||||||||||slo| |
| 015 |
|
|
|a SNBRB
|
| 035 |
|
|
|a (urnnbn)urn:nbn:sk:snk:ar-006btf
|
| 035 |
|
|
|a (uuid)8a02d8d9-a6a1-41cc-b99d-7083a7393375
|
| 035 |
|
|
|a urn:nbn:sk:snk-abewov
|
| 040 |
|
|
|a SNKBUCL
|b slo
|c SNKBUCL
|e AACR2
|
| 041 |
0 |
|
|a slo
|
| 044 |
|
|
|a xo
|c SK
|
| 100 |
1 |
|
|a Števček, Ján,
|d 1929-1996
|4 aut
|9 105256
|
| 245 |
1 |
0 |
|a Alexander Matuška pre a proti
|c Ján Števček
|
| 600 |
1 |
7 |
|a Matuška, Alexander,
|d 1910-1975
|2 SNKMA
|9 257897
|
| 773 |
0 |
|
|t Slovenská literatúra
|g Roč. 4, č. 3 (1957), s. 399-403
|
| 954 |
|
|
|a odborná, vedecká literatúra pôvodná (slovenská)
|2 lita
|
| 958 |
|
|
|a OND
|
| 958 |
|
|
|a EUIPO
|
| 958 |
|
|
|a article22
|
| 999 |
|
|
|c 3083357
|d 3085287
|